|
|
|
|
| LEADER |
01519nam a2200349 a 4500 |
| 001 |
EBC3320054 |
| 003 |
MiAaPQ |
| 005 |
20200520144314.0 |
| 006 |
m o d | |
| 007 |
cr cn||||||||| |
| 008 |
130816s2011 gw ad sbm 000 0 ger d |
| 020 |
|
|
|z 9783862191581
|
| 020 |
|
|
|z 9783862191598 (e-book)
|
| 035 |
|
|
|a (MiAaPQ)EBC3320054
|
| 035 |
|
|
|a (Au-PeEL)EBL3320054
|
| 035 |
|
|
|a (CaPaEBR)ebr10742878
|
| 035 |
|
|
|a (OCoLC)903962840
|
| 040 |
|
|
|a MiAaPQ
|c MiAaPQ
|d MiAaPQ
|
| 050 |
|
4 |
|a TJ1370
|b .D47 2011
|
| 100 |
1 |
|
|a Deppenmeier, Jens.
|
| 245 |
1 |
0 |
|a Lebenszyklusorientierte Planung von Erschliessungskonzepten in Hochhausern am Beispiel von Aufzugsanlagen
|h [electronic resource] :
|b Entwicklung einer Methode zur Bewertung von Lebenszykluskosten mit Hilfe von Verkehrsberechnungs-Simulationen unter Berucksichtigung der Transportstrategie /
|c Jens Deppenmeier.
|
| 260 |
|
|
|a Kassel :
|b Kassel University Press,
|c 2011.
|
| 300 |
|
|
|a xi, p. :
|b ill. (some col.).
|
| 490 |
0 |
|
|a Schriftenreihe Bauwirtschaft. I Forschung ;
|v 19
|
| 502 |
|
|
|a Dissertation--Kassel Univ., 2011.
|
| 504 |
|
|
|a Includes bibliographical references.
|
| 533 |
|
|
|a Electronic reproduction. Ann Arbor, MI : ProQuest, 2015. Available via World Wide Web. Access may be limited to ProQuest affiliated libraries.
|
| 650 |
|
0 |
|a Elevators
|x Standards.
|
| 650 |
|
0 |
|a Skyscrapers.
|
| 655 |
|
4 |
|a Electronic books.
|
| 710 |
2 |
|
|a ProQuest (Firm)
|
| 856 |
4 |
0 |
|u https://ebookcentral.proquest.com/lib/matrademy/detail.action?docID=3320054
|z Click to View
|